000 01234nam a22002777a 4500
003 OSt
005 20221121143912.0
007 cr ||||||a|c|a
008 221118s2020 mx a|||fom||| 00| 0 spa d
040 _erda
100 1 _9185647
_aAndrés Mauricio, Juan
245 1 _aMapeo de la estructura de la vegetación en bosques tropicales secos, mediante el uso de datos de campo, imágenes ópticas y de radar /
_cpor Juan Andrés Mauricio; director de tesis José Luis Hernández Stefanoni
264 1 _aChapingo, México :
_bEl autor,
_c2020.
300 _a1 recurso en línea (85 páginas).
_bgráficas, mapas
336 _2rdacontent
_atexto
_btxt
337 _2rdamedia
_acomputadora
_bc
338 _2rdacarrier
_arecurso en línea
_bcr
502 _bIF
_cDICIFO
_d2020.
_gLIC
504 _aIncluye referencias bibliográficas: páginas 75-85
650 4 _914411
_aBosques
_xYucatán
650 4 _991760
_aProcesamiento automático de datos en bosques
650 4 _995077
_aRecursos forestales
_zYucatán
700 1 _954649
_aHernández Stefanoni, José Luis
_eDirector de tesis
856 _uhttp://10.13.5.2/tesis/tl/2020_FO_Andres_Mauricio_Juan.pdf
_zDESCARGAR PDF
942 _2Clasificación Universidad Autónoma Chapingo
_cTD
999 _c217836
_d217836